000
00330nam a2200133Ia 4500
008
240624s9999 xx 000 0 und d
041
_a
eng
082
_a
170 AUD
100
_a
AUDI ROBERT
245
_a
MORAL VALUE AND HUMAN DIVERSITY
260
_c
2008
_a
New York
_b
Oxford University Press
300
_a
160 : p.
365
_c
_b
30
999
_c
20882
_d
20882